[Event "RUS-ch U20 Girls"]
[Site "Barnaul"]
[Date "2025.03.28"]
[Round "7"]
[White "Kuznetsova, Polina"]
[Black "Zhurova, Anna"]
[Result "0-1"]
[WhiteElo "2097"]
[BlackElo "2307"]
[PlyCount "52"]
[EventDate "2025.03.22"]
[EventType "tourn"]
[EventRounds "9"]
[EventCountry "RUS"]
[SourceTitle "CB14_2025"]
[SourceDate "2024.11.01"]
[SourceVersion "1"]
[SourceVersionDate "2024.11.01"]
[SourceQuality "1"]

1. e4 c5 2. Nf3 d6 3. d4 cxd4 4. Nxd4 Nf6 5. Nc3 a6 6. Be3 e5 7. Nb3 Be7 8. f3 Be6 9. Qd2 h5 10. Nd5 Nxd5 11. exd5 Bf5 12. Bd3 Bxd3 13. Qxd3 Bh4+ 14. g3 Be7 15. 0-0-0 Nd7 16. Kb1 0-0 17. f4 Rc8 18. Qe2 Bf6 19. Qxh5 a5 20. Qf5 a4 21. Nd2 exf4 22. gxf4 a3 23. b3 g6 24. Qg4 Re8 25. Bf2 Bg7 26. Nc4 Rxc4 0-1

[Event "RUS-ch U20 Girls"]
[Site "Barnaul"]
[Date "2025.03.23"]
[Round "2"]
[White "Kuznetsova, Polina"]
[Black "Yakimova, Mariya"]
[Result "0-1"]
[WhiteElo "2097"]
[BlackElo "2201"]
[PlyCount "78"]
[EventDate "2025.03.22"]
[EventType "tourn"]
[EventRounds "9"]
[EventCountry "RUS"]
[SourceTitle "CB14_2025"]
[SourceDate "2024.11.01"]
[SourceVersion "1"]
[SourceVersionDate "2024.11.01"]
[SourceQuality "1"]

1. e4 c5 2. Nf3 d6 3. d4 cxd4 4. Nxd4 Nf6 5. Nc3 a6 6. Be3 e5 7. Nb3 Be7 8. f3 h5 9. Qd2 Be6 10. 0-0-0 Nbd7 11. Kb1 Rc8 12. h3 h4 13. Qe1 b5 14. Nd5 Bxd5 15. exd5 Nb6 16. Bxb6 Qxb6 17. Bd3 Nh5 18. Qb4 Nf4 19. Qe4 g6 20. Bf1 0-0 21. Qe1 Nh5 22. Bd3 Bg5 23. Qb4 Nf4 24. Rhg1 Kg7 25. Nc1 Nxd5 26. Qg4 Bf6 27. Rde1 Rfe8 28. g3 e4 29. fxe4 Qd4 30. e5 Bxe5 31. Qxd4 Bxd4 32. gxh4 Bxg1 33. Rxg1 Rh8 34. Rg4 Nf6 35. Rd4 d5 36. Ne2 Rce8 37. a4 bxa4 38. Rxa4 Ne4 39. Rxa6 Nc5 0-1

[Event "Kolomna op-B"]
[Site "Kolomna"]
[Date "2012.10.02"]
[Round "9"]
[White "Kuznetsova, Polina"]
[Black "Lauda, Alexandr"]
[Result "0-1"]
[WhiteElo "1927"]
[BlackElo "1991"]
[PlyCount "110"]
[EventDate "2012.09.27"]
[EventType "swiss"]
[EventRounds "9"]
[EventCountry "RUS"]
[SourceTitle "EXT 2013"]
[Source "ChessBase"]
[SourceDate "2012.11.22"]
[SourceVersion "1"]
[SourceVersionDate "2012.11.22"]
[SourceQuality "1"]

1. e4 c5 2. c3 Nf6 3. e5 Nd5 4. d4 cxd4 5. Nf3 Nc6 6. Bc4 Nb6 7. Bb3 d5 8. exd6 Qxd6 9. 0-0 Be6 10. Bxe6 Qxe6 11. Nxd4 Nxd4 12. Qxd4 Rd8 13. Qh4 g6 14. Na3 Bg7 15. Nb5 Qc4 16. Qxc4 Nxc4 17. Nxa7 Rd5 18. a4 Kd7 19. Nb5 Ra8 20. Bf4 e5 21. Rad1 Rxd1 22. Rxd1+ Kc6 23. Bc1 Rxa4 24. b3 Ra1 25. bxc4 Bh6 26. Na7+ Kc7 27. Nb5+ Kc6 28. Kf1 Rxc1 29. Rxc1 Bxc1 30. Ke2 f5 31. Kd3 Bh6 32. f3 Bf8 33. g4 Bd6 34. h3 h5 35. gxf5 gxf5 36. Ke3 Bf8 37. Kd3 b6 38. Ke3 Kc5 39. Na3 Bh6+ 40. Kd3 Kd6 41. Nc2 Ke6 42. Nb4 Bf8 43. Na6 Bd6 44. Nb4 Bc5 45. Na6 Kf6 46. Nxc5 bxc5 47. h4 f4 48. Ke2 Kf5 49. Kd3 e4+ 50. fxe4+ Ke5 51. Ke2 Kxe4 52. Kf2 f3 53. Kf1 Kf4 54. Kg1 Kg3 55. Kf1 f2 0-1

[Event "Kolomna op-B"]
[Site "Kolomna"]
[Date "2012.09.29"]
[Round "4"]
[White "Kuznetsova, Polina"]
[Black "Popelyshev, Igor Viktorovich"]
[Result "0-1"]
[WhiteElo "1927"]
[BlackElo "2071"]
[PlyCount "100"]
[EventDate "2012.09.27"]
[EventType "swiss"]
[EventRounds "9"]
[EventCountry "RUS"]
[SourceTitle "EXT 2013"]
[Source "ChessBase"]
[SourceDate "2012.11.22"]
[SourceVersion "1"]
[SourceVersionDate "2012.11.22"]
[SourceQuality "1"]

1. e4 e5 2. Nf3 Nf6 3. Nxe5 d6 4. Nf3 Nxe4 5. Nc3 Nxc3 6. dxc3 Nc6 7. Bc4 Qe7+ 8. Be3 Be6 9. Bxe6 Qxe6 10. Ng5 Qc4 11. Qd3 Qxd3 12. cxd3 f6 13. Ne4 d5 14. Ng3 g6 15. Kd2 Bd6 16. Rae1 Kf7 17. Ne2 Rad8 18. d4 Rhe8 19. Nf4 Bxf4 20. Bxf4 Rxe1 21. Rxe1 Rd7 22. h4 h5 23. f3 Nd8 24. g4 Ne6 25. Bg3 c6 26. Kd3 Re7 27. Re2 Nf8 28. Rxe7+ Kxe7 29. b3 Ke6 30. c4 Nd7 31. a4 a6 32. a5 Nf8 33. Ke3 Nd7 34. Be1 c5 35. dxc5 dxc4 36. b4 Kd5 37. Bc3 Ne5 38. gxh5 gxh5 39. Kf4 Nc6 40. Kf5 Nd4+ 41. Kxf6 Nxf3 42. Kg6 Nxh4+ 43. Kxh5 Nf5 44. Kg5 Nd4 45. Kf6 Nb5 46. Be1 c3 47. Ke7 c2 48. Bd2 Kc6 49. Ke6 Nd4+ 50. Kf6 Nb3 0-1